A la rurrupata: canciones para los niños de Chile

Saved in:
Bibliografiske detaljer
Hovedforfatter: Baeza Gajardo, Mario (Author)
Format: Bog
Sprog:spansk
Udgivet: Santiago Universitaria 1984
Serier:Colección escolar
Fag:
Tags: Tilføj Tag
Ingen Tags, Vær først til at tagge denne postø!

MARC

LEADER 00000nam a2200000 a 4500
001 UCW5111
003 CL-VaPUC
008 901204e19840000CL |||||||||||||||||spa|d
082 0 4 |a 784.624  |b BAE  |2 21 
100 0 |a Baeza Gajardo, Mario  |e author  |9 309976 
245 1 0 |a A la rurrupata: canciones para los niños de Chile 
300 |a 95 p 
942 |c BK 
945 |d 19901204 00:00:00 
260 |a Santiago  |b Universitaria  |c 1984 
650 0 |a Canciones infantiles  |9 307627 
650 7 |a CANCIONES ESCOLARES  |2 CL-VaPUC  |9 309605 
583 |a last modification  |c 19901204 00:00:00  |k Rodrigo Vera 
490 0 |a Colección escolar 
999 |c 218622  |d 218620 
952 |0 0  |1 0  |4 0  |6 784_624000000000000_BAE_1984  |7 0  |8 A  |9 208445  |a BIBEDU  |b BIBEDU  |d 2019-11-15  |i 2763524  |o 784.624 BAE 1984  |p 2763524  |r 2019-11-15  |w 2019-11-15  |y BK  |k EDU